000 01123nam a22002657a 4500
001 BD-DhSAU 8482
003 BD-DhSAU
005 20181224101932.0
008 150420b2010 bg ||||| m||| 000 0 eng d
040 _aBD-DhSAU
082 _222
_a....
_b....
100 _aAlam, Md Fayzul
_eRegistration # 08-3211
245 _aVariability studies in F4 progenies of Brassica rapa obtained through intervarital crosses /
_bMS thesis
_cMd Fayzul Alam
260 _aSher-e-Bangla Agricultural Universities :
_bDepartment of Genetics and Plant Breeding,
_c2010.
300 _axiii, 52 p. ;
_c30 cm.
_bill. ;
500 _aMS thesis of Department of Genetics and Plant Breeding, Faculty of Agriculture, Sher-e-Bangla Agricultural University, Dhaka, Bangladesh
590 _aerfat
650 _aGenetics and Plant Breeding.
650 _aVariability studies in F4 progenies
650 _aBrassica rapa
700 _aBhuiyan Md Shahidur Rashid
_eSuperviser
700 _aHossain, Md Sarowar
_eCo-superviser
856 _uhttp://archive.saulibrary.edu.bd:8080/xmlui/handle/123456789/803
942 _2ddc
_cTHESIS
999 _c8482
_d8482